| 000 | 00716nam a2200241 i 4500 | ||
|---|---|---|---|
| 003 | DO-SdBNP | ||
| 005 | 20250129172553.0 | ||
| 007 | ta | ||
| 008 | 201211b198- dr 00||||| |||| 00| 0 eng d | ||
| 040 |
_aDO-SdBNP _bspa _cBNPHU _erda |
||
| 082 |
_222 _axxxx _bH519a |
||
| 100 | 1 |
_aHenríquez Gratereaux, Federico, _d1937- _92003 |
|
| 245 | 1 | 0 |
_aAntillas birraciales / _cFederico Henríquez Gratereaux. |
| 260 |
_b[s. n.], _c1979. |
||
| 264 |
_aSanto Domingo : _bsin nombre _c[198?] |
||
| 300 |
_a16 páginas _c22 cm. |
||
| 336 |
_2rdacontent _atexto _btxt |
||
| 337 |
_2rdamedia _asin mediación _bn |
||
| 338 |
_2rdacarrier _avolumen _bnc |
||
| 590 | _aInventariado, 2020 /LP | ||
| 910 | _aLPerez | ||
| 942 |
_2ddc _cLF2 |
||
| 999 |
_c49274 _d49274 |
||